<?xml version="1.0" encoding="UTF-8"?>
<record
    xmlns:xsi="http://www.w3.org/2001/XMLSchema-instance"
    xsi:schemaLocation="http://www.loc.gov/MARC21/slim http://www.loc.gov/standards/marcxml/schema/MARC21slim.xsd"
    xmlns="http://www.loc.gov/MARC21/slim">

  <leader>01906nam a22002897a 4500</leader>
  <controlfield tag="003">OSt</controlfield>
  <controlfield tag="005">20191029062543.0</controlfield>
  <controlfield tag="008">180309b        xxu||||| |||| 00| 0 spa d</controlfield>
  <datafield tag="020" ind1=" " ind2=" ">
    <subfield code="a">9501406660</subfield>
  </datafield>
  <datafield tag="040" ind1=" " ind2=" ">
    <subfield code="c">PJ</subfield>
  </datafield>
  <datafield tag="100" ind1=" " ind2=" ">
    <subfield code="9">607</subfield>
    <subfield code="a">Giuliani Fonrouge, Carlos M.</subfield>
  </datafield>
  <datafield tag="245" ind1="1" ind2="0">
    <subfield code="a">Procedimiento tributario /</subfield>
    <subfield code="c">Carlos M. Giuliani Fonrouge, Susana Camila Navarrine.</subfield>
  </datafield>
  <datafield tag="250" ind1=" " ind2=" ">
    <subfield code="a">5a. ed. act. y amp.</subfield>
  </datafield>
  <datafield tag="260" ind1=" " ind2=" ">
    <subfield code="a">Buenos Aires :</subfield>
    <subfield code="b">Depalma,</subfield>
    <subfield code="c">1993.</subfield>
  </datafield>
  <datafield tag="300" ind1=" " ind2=" ">
    <subfield code="a">xli, 850 p.</subfield>
    <subfield code="c">23 cm.</subfield>
  </datafield>
  <datafield tag="500" ind1=" " ind2=" ">
    <subfield code="a">En portada: 
Ley 11683 (t.o. 1978 y modificaciones). Decreto Reglamentario 1397/79. R&#xE9;gimen Penal Tributario y Previsional (ley 23.771). Comentarios, doctrina y jurisprudencia.</subfield>
  </datafield>
  <datafield tag="500" ind1=" " ind2=" ">
    <subfield code="a">Citas y notas bibliogr&#xE1;ficas a pie de p&#xE1;gina.
</subfield>
  </datafield>
  <datafield tag="505" ind1=" " ind2=" ">
    <subfield code="a">
Contenido:
Ley 11.683. Procedimiento tributario:  Competencia y organizaci&#xF3;n de la Direcci&#xF3;n General Impositiva -- Disposiciones generales -- Sujeto de los deberes impositivos -- Determinaci&#xF3;n y percepci&#xF3;n de impuestos -- Del pago -- Verificaci&#xF3;n y fiscalizaci&#xF3;n -- Intereses, il&#xED;citos y sanciones -- De la prescripci&#xF3;n -- Procedimiento penal y contencioso-administrativo -- Procedimiento contencio-judicial -- Juicio de ejecuci&#xF3;n fiscal -- Disposiciones varias -- R&#xE9;gimen del Fondo de Est&#xED;mulo y de autarqu&#xED;a administrativa -- R&#xE9;gimen de actualizaci&#xF3;n -- De la organizaci&#xF3;n y competenciade los Tribunales Fiscales y actuaci&#xF3;n ante ellos -- De las acciones y recursos -- De la sentencia del tribunal -- Disposiciones generales -- R&#xE9;gimen Penal Tributario y Previsional Ley 23.771 -- Ap&#xE9;ndice.</subfield>
  </datafield>
  <datafield tag="650" ind1=" " ind2="0">
    <subfield code="a">DERECHO TRIBUTARIO</subfield>
    <subfield code="9">339</subfield>
  </datafield>
  <datafield tag="650" ind1=" " ind2="0">
    <subfield code="a">PROCEDIMIENTO TRIBUTARIO</subfield>
    <subfield code="9">573</subfield>
  </datafield>
  <datafield tag="650" ind1=" " ind2="0">
    <subfield code="a">REGIMEN PENAL TRIBUTARIO</subfield>
    <subfield code="9">705</subfield>
  </datafield>
  <datafield tag="650" ind1=" " ind2="0">
    <subfield code="a">LEY PENAL TRIBUTARIA</subfield>
    <subfield code="9">3225</subfield>
  </datafield>
  <datafield tag="650" ind1=" " ind2="0">
    <subfield code="a">EVASI&#xD3;N PREVISIONAL</subfield>
    <subfield code="9">3062</subfield>
  </datafield>
  <datafield tag="650" ind1=" " ind2="0">
    <subfield code="a">DELITOS TRIBUTARIOS</subfield>
    <subfield code="9">706</subfield>
  </datafield>
  <datafield tag="700" ind1=" " ind2=" ">
    <subfield code="a">Navarrine, Susana Camila  </subfield>
    <subfield code="9">567</subfield>
  </datafield>
  <datafield tag="942" ind1=" " ind2=" ">
    <subfield code="2">udc</subfield>
    <subfield code="c">LIB</subfield>
    <subfield code="h">336.2</subfield>
    <subfield code="i">GIU</subfield>
  </datafield>
  <datafield tag="999" ind1=" " ind2=" ">
    <subfield code="c">2071</subfield>
    <subfield code="d">2071</subfield>
  </datafield>
  <datafield tag="952" ind1=" " ind2=" ">
    <subfield code="0">0</subfield>
    <subfield code="1">0</subfield>
    <subfield code="2">udc</subfield>
    <subfield code="4">0</subfield>
    <subfield code="7">0</subfield>
    <subfield code="a">DJS</subfield>
    <subfield code="b">DJS</subfield>
    <subfield code="d">2018-11-26</subfield>
    <subfield code="o">336.2 GIU</subfield>
    <subfield code="r">2018-11-26</subfield>
    <subfield code="w">2018-11-26</subfield>
    <subfield code="y">LIB</subfield>
  </datafield>
</record>
